Statistics for Leaders of countries that are also religious figures/leaders

Click here to take the quiz!

General Stats

  • This quiz has been taken 53 times
  • The average score is 6 of 7

Answer Stats

HintAnswer% Correct
The head of state of this country is also the 'Defender of the Faith' and Supreme Governor of the Church of EnglandUnited Kingdom
100%
The Supreme Leader of this country is also a Faqih and Grand AyatollahIran
98%
Whoever becomes Pope of the Catholic Church also becomes Sovereign Pontiff of this city stateVatican City
96%
The king of this country also bears the title 'Custodian of the Two Holy Mosques'Saudi Arabia
94%
The highest spiritual teacher of the Geluga school of Buddhism is also, in theory, the leader of this country/regionTibet
76%
Whoever becomes the Bishop of the diocese of Urgell also becomes one of the Co-Princes of this countryAndorra
65%
The king of this country also bears the title 'Amir al-Mu'minin', which may mean 'Commander of the faithful'Morocco
49%

Score Distribution

Percentile by Number Answered

Percent of People with Each Score

Your Score History

You have not taken this quiz